000 00638nam a22001697a 4500
999 _c181802
_d181802
005 20220926165639.0
010 _aB-745697
020 _a9789390531615
_c695.00
037 _bPearson
100 _aPattanaik, Devdutt
245 _aIndian culture, art and heritage:
_bfor civil services examination /
_cby Devdutt Pattanaik
260 _aNoida, U.P.
_bPearson
_c2021
270 _a15th Floor, Tower-B, World Trade Tower, Plot No. 1, Block-C, Sector-16
_bNoida, U.P.
_e201301
300 _axi, 480p.
_bill.
_c25cm(pbk)
942 _2ddc
_cEN
_mPAT
_h709.54